<?xml version="1.0" encoding="UTF-8"?>
<record
    xmlns:xsi="http://www.w3.org/2001/XMLSchema-instance"
    xsi:schemaLocation="http://www.loc.gov/MARC21/slim http://www.loc.gov/standards/marcxml/schema/MARC21slim.xsd"
    xmlns="http://www.loc.gov/MARC21/slim">

  <leader>00740nam a22002537a 4500</leader>
  <controlfield tag="005">20170123162327.0</controlfield>
  <datafield tag="010" ind1=" " ind2=" ">
    <subfield code="a">A-412273</subfield>
  </datafield>
  <datafield tag="020" ind1=" " ind2=" ">
    <subfield code="c">50.00</subfield>
  </datafield>
  <datafield tag="035" ind1=" " ind2=" ">
    <subfield code="a">A-412273</subfield>
  </datafield>
  <datafield tag="037" ind1=" " ind2=" ">
    <subfield code="b">Cen Lib/Ret</subfield>
  </datafield>
  <datafield tag="040" ind1=" " ind2=" ">
    <subfield code="a">DPL</subfield>
    <subfield code="b">UR</subfield>
  </datafield>
  <datafield tag="082" ind1=" " ind2=" ">
    <subfield code="a">&#x6A9;</subfield>
    <subfield code="b">&#x635; &#x627; &#x62F; </subfield>
  </datafield>
  <datafield tag="100" ind1=" " ind2=" ">
    <subfield code="a">&#x635;&#x627;&#x62F;&#x642; &#x62D;&#x633;&#x6CC;&#x646; </subfield>
    <subfield code="9">119682</subfield>
  </datafield>
  <datafield tag="245" ind1=" " ind2=" ">
    <subfield code="a">&#x634;&#x6C1;&#x631; &#x627;&#x646;&#x62F;&#x631; &#x634;&#x6C1;&#x631;  /</subfield>
    <subfield code="c">&#x635;&#x627;&#x62F;&#x642; &#x62D;&#x633;&#x6CC;&#x646; </subfield>
  </datafield>
  <datafield tag="246" ind1=" " ind2=" ">
    <subfield code="a">Shahar andar shahar /</subfield>
    <subfield code="b">by Sadiq Husain </subfield>
  </datafield>
  <datafield tag="260" ind1=" " ind2=" ">
    <subfield code="b">&#x627;&#x62F;&#x627;&#x631;&#x6C1; &#x641;&#x627;&#x631;&#x63A; &#x627;&#x631;&#x62F;&#x648; </subfield>
    <subfield code="c">1988</subfield>
    <subfield code="a">&#x644;&#x627;&#x6C1;&#x648;&#x631; </subfield>
  </datafield>
  <datafield tag="270" ind1=" " ind2=" ">
    <subfield code="b">&#x644;&#x627;&#x6C1;&#x648;&#x631; </subfield>
  </datafield>
  <datafield tag="300" ind1=" " ind2=" ">
    <subfield code="a">168p.</subfield>
    <subfield code="c">20cm(Hb)</subfield>
  </datafield>
  <datafield tag="650" ind1=" " ind2=" ">
    <subfield code="a">&#x627;&#x631;&#x62F;&#x648; &#x627;&#x62F;&#x628;</subfield>
    <subfield code="9">119683</subfield>
  </datafield>
  <datafield tag="650" ind1=" " ind2=" ">
    <subfield code="a">&#x627;&#x631;&#x62F;&#x648; &#x627;&#x641;&#x633;&#x627;&#x646;&#x6D2;  </subfield>
    <subfield code="x">  </subfield>
    <subfield code="9">889</subfield>
  </datafield>
  <datafield tag="650" ind1=" " ind2=" ">
    <subfield code="v"> </subfield>
    <subfield code="a">Urdu literature </subfield>
    <subfield code="9">119684</subfield>
  </datafield>
  <datafield tag="650" ind1=" " ind2=" ">
    <subfield code="a">Urdu stories </subfield>
    <subfield code="9">119685</subfield>
  </datafield>
  <datafield tag="942" ind1=" " ind2=" ">
    <subfield code="2">ddc</subfield>
    <subfield code="c">UR</subfield>
    <subfield code="h">&#x6A9;</subfield>
    <subfield code="m">&#x635; &#x627; &#x62F; </subfield>
  </datafield>
  <datafield tag="999" ind1=" " ind2=" ">
    <subfield code="c">107488</subfield>
    <subfield code="d">107488</subfield>
  </datafield>
  <datafield tag="952" ind1=" " ind2=" ">
    <subfield code="0">0</subfield>
    <subfield code="1">0</subfield>
    <subfield code="4">0</subfield>
    <subfield code="7">0</subfield>
    <subfield code="a">L</subfield>
    <subfield code="b">L</subfield>
    <subfield code="d">2016-01-08</subfield>
    <subfield code="e">Cen Lib/Ret</subfield>
    <subfield code="g">50.00</subfield>
    <subfield code="l">1</subfield>
    <subfield code="o">&#x6A9; &#x635; &#x627; &#x62F;</subfield>
    <subfield code="p">A-412273</subfield>
    <subfield code="r">2017-11-18 00:00:00</subfield>
    <subfield code="s">2017-11-08</subfield>
    <subfield code="t">1</subfield>
    <subfield code="v">50.00</subfield>
    <subfield code="w">2016-01-08</subfield>
    <subfield code="y">UR</subfield>
  </datafield>
</record>
